[Event "Asia-ch U20"]
[White "Soumitra, Majumdar"]
[Black "Balkishan, A."]
[Site "New Delhi"]
[Round "5.16"]
[Result "1-0"]
[Date "2006.11.10"]
[WhiteElo "2164"]
[BlackElo "1955"]
[PlyCount "93"]
[EventDate "2006.11.07"]
[EventType "swiss"]
[EventRounds "9"]
[EventCountry "IND"]
[SourceTitle "CBM 115 Extra"]
[Source "ChessBase"]
[SourceDate "2007.01.10"]
[SourceVersion "1"]
[SourceVersionDate "2007.01.10"]
[SourceQuality "1"]

1. d4 Nf6 2. c4 g6 3. Nc3 Bg7 4. e4 d6 5. Nf3 0-0 6. Be2 e5 7. 0-0 Nc6 8. d5 Ne7 9. Ne1 Ne8 10. Be3 f5 11. f3 f4 12. Bf2 g5 13. c5 Rf6 14. Rc1 Rg6 15. Nb5 a6 16. cxd6 cxd6 17. Na7 Bd7 18. Qb3 h5 19. Qxb7 Rb8 20. Qxa6 Rxb2 21. Nc6 Nxc6 22. dxc6 Bc8 23. Bc4+ Kh7 24. Qa3 Rb8 25. Bf7 Rh6 26. Qa7 Rb5 27. a4 Rb2 28. Nd3 Rxf2 29. Nxf2 g4 30. Qb8 gxf3 31. gxf3 Nc7 32. Kh1 Rf6 33. Bc4 Rf8 34. Rg1 Qe7 35. Qa7 Bf6 36. Rg2 Ne6 37. Qxe7+ Bxe7 38. Rcg1 Bf6 39. Nh3 Nd4 40. Ng5+ Kh8 41. Nf7+ Kh7 42. Rg6 Bg4 43. Rh6+ Kg7 44. Rxh5 Rxf7 45. Rxg4+ Kf8 46. Bxf7 Kxf7 47. c7 1-0

[Event "Pune CC Knockout"]
[White "Soumitra, Majumdar"]
[Black "Satyapragyan, Swayangsu"]
[Site "Pune"]
[Round "1.3"]
[Result "1/2-1/2"]
[Date "2006.10.30"]
[WhiteElo "2164"]
[BlackElo "2415"]
[PlyCount "66"]
[EventDate "2006.10.30"]
[EventType "k.o. (rapid)"]
[EventRounds "6"]
[EventCountry "IND"]
[SourceTitle "EXT 2007"]
[Source "ChessBase"]
[SourceDate "2006.11.23"]
[SourceVersion "1"]
[SourceVersionDate "2006.11.23"]
[SourceQuality "1"]

1. d4 Nf6 2. c4 e6 3. Nf3 c5 4. d5 exd5 5. cxd5 d6 6. Nc3 g6 7. e4 a6 8. a4 Bg4 9. h3 Bxf3 10. Qxf3 Bg7 11. Be2 0-0 12. 0-0 Nbd7 13. Bg5 Qe7 14. a5 Rfe8 15. Ra4 h6 16. Bf4 Nh5 17. Bc1 Nhf6 18. Qg3 Nh7 19. f4 Rab8 20. Bd3 Nhf6 21. Qf3 Nh7 22. g4 b5 23. axb6 Rxb6 24. Qg3 Rb4 25. Rxa6 c4 26. Bc2 Nc5 27. Rc6 Nf6 28. e5 dxe5 29. d6 Qa7 30. Qf2 Nfd7 31. Rc7 Qb8 32. fxe5 Nxe5 33. Qxc5 Rxb2 1/2-1/2

[Event "Hyderabad op 1st"]
[White "Gopal, Geetha Narayanan"]
[Black "Soumitra, Majumdar"]
[Site "Hyderabad"]
[Round "5"]
[Result "1-0"]
[Date "2006.02.28"]
[WhiteElo "2353"]
[BlackElo "2207"]
[PlyCount "87"]
[EventDate "2006.02.25"]
[EventType "swiss"]
[EventRounds "10"]
[EventCountry "IND"]
[SourceTitle "CBM 111 Extra"]
[Source "ChessBase"]
[SourceDate "2006.05.09"]
[SourceVersion "1"]
[SourceVersionDate "2006.05.09"]
[SourceQuality "1"]

1. e4 c5 2. Nf3 d6 3. d4 cxd4 4. Nxd4 Nf6 5. Nc3 a6 6. Be3 Ng4 7. Bg5 h6 8. Bh4 g5 9. Bg3 Bg7 10. h3 Ne5 11. Be2 Nbc6 12. Nb3 Be6 13. Nd5 Na5 14. Nxa5 Qxa5+ 15. c3 Bxd5 16. exd5 Qc5 17. 0-0 f5 18. Bh5+ Kd7 19. b4 Qb6 20. c4 f4 21. c5 Qb5 22. Bh2 Qd3 23. Qa4+ Qb5 24. Qd1 Qd3 25. Qe1 Rhf8 26. Bg4+ Kd8 27. Rd1 Qb5 28. a4 Qxa4 29. Be6 h5 30. Qe4 Qe8 31. Qc2 Qg6 32. Qa4 Rf6 33. Rfe1 Rxe6 34. dxe6 Qxe6 35. b5 Qd7 36. Qa2 Qe8 37. cxd6 exd6 38. Rxd6+ Kc7 39. Red1 Qxb5 40. Qc2+ Kb8 41. Qh7 Bf8 42. Re6 Qe2 43. Rb1 Bb4 44. Qh8+ 1-0

[Event "Asia-ch U20"]
[White "Soumitra, Majumdar"]
[Black "Nguyen, Van Huy"]
[Site "Bikaner"]
[Round "10"]
[Result "0-1"]
[Date "2004.12.29"]
[WhiteElo "2148"]
[BlackElo "2325"]
[PlyCount "86"]
[EventDate "2004.12.22"]
[EventType "swiss"]
[EventRounds "11"]
[EventCountry "IND"]
[SourceTitle "CBM 104 Extra"]
[Source "ChessBase"]
[SourceDate "2005.03.01"]
[SourceVersion "1"]
[SourceVersionDate "2005.03.01"]
[SourceQuality "1"]

1. d4 Nf6 2. c4 e5 3. dxe5 Ng4 4. Nf3 Bc5 5. e3 Nc6 6. Nc3 Ngxe5 7. Nxe5 Nxe5 8. Be2 0-0 9. 0-0 a5 10. e4 d6 11. Nd5 Be6 12. Qb3 c6 13. Nf4 Qh4 14. g3 Qf6 15. Nxe6 fxe6 16. Be3 a4 17. Qd1 Bxe3 18. fxe3 Qg5 19. Qd2 c5 20. Rad1 Rxf1+ 21. Rxf1 Nf7 22. Bd3 Qe5 23. Qg2 h6 24. h4 Nh8 25. Kh2 Rf8 26. Rxf8+ Kxf8 27. Qc2 Nf7 28. Kh3 Ke7 29. Bf1 g5 30. Bg2 gxh4 31. gxh4 Qg7 32. Qxa4 Qxb2 33. Qa5 Qe2 34. Qc7+ Kf6 35. e5+ Nxe5 36. Qd8+ Kf7 37. Qc7+ Kg6 38. Be4+ Kh5 39. Qxb7 Qxe3+ 40. Kg2 Kxh4 41. Qh7 Qe2+ 42. Kg1 Ng4 43. Qe7+ Kh3 0-1

[Event "Wch U20 43rd"]
[White "Louw, Daniel Johannes"]
[Black "Soumitra, Majumdar"]
[Site "Cochin"]
[Round "11"]
[Result "0-1"]
[Date "2004.11.27"]
[WhiteElo "2187"]
[BlackElo "2148"]
[PlyCount "52"]
[EventDate "2004.11.20"]
[EventType "swiss"]
[EventRounds "13"]
[EventCountry "IND"]
[SourceTitle "CBM 103 Extra"]
[Source "ChessBase"]
[SourceDate "2005.01.01"]
[SourceVersion "1"]
[SourceVersionDate "2005.01.01"]
[SourceQuality "1"]

1. e4 e5 2. Nf3 Nc6 3. d4 exd4 4. Nxd4 Nf6 5. Nxc6 bxc6 6. e5 Qe7 7. Qe2 Nd5 8. c4 Ba6 9. b3 0-0-0 10. Bb2 Qg5 11. a3 Nf4 12. Qf3 Ng6 13. Qc3 Re8 14. Nd2 Qxe5+ 15. Qxe5 Nxe5 16. 0-0-0 Ng4 17. Bd4 Bxa3+ 18. Kc2 c5 19. Bxg7 Rhg8 20. Ra1 Rxg7 21. Rxa3 Nxf2 22. Rg1 Bb7 23. h3 Nxh3 24. Rh1 Nf4 25. Rh2 Nxg2 26. Bxg2 Bxg2 0-1

[Event "Wch U20 43rd"]
[White "Cifka, Stanislav"]
[Black "Soumitra, Majumdar"]
[Site "Cochin"]
[Round "6"]
[Result "1-0"]
[Date "2004.11.22"]
[WhiteElo "2310"]
[BlackElo "2148"]
[PlyCount "85"]
[EventDate "2004.11.20"]
[EventType "swiss"]
[EventRounds "13"]
[EventCountry "IND"]
[SourceTitle "CBM 103 Extra"]
[Source "ChessBase"]
[SourceDate "2005.01.01"]
[SourceVersion "1"]
[SourceVersionDate "2005.01.01"]
[SourceQuality "1"]

1. e4 e5 2. Nf3 Nc6 3. Bb5 a6 4. Ba4 Nf6 5. d3 b5 6. Bb3 Be7 7. Nc3 d6 8. Nd5 0-0 9. 0-0 Na5 10. Nxe7+ Qxe7 11. Bg5 Nxb3 12. axb3 h6 13. Bh4 Qe6 14. Re1 c5 15. Qd2 Nh7 16. b4 f6 17. bxc5 dxc5 18. Bg3 Qc6 19. Nh4 g5 20. Nf5 Bxf5 21. exf5 Rfd8 22. Qe2 Qd7 23. Qe4 Qd4 24. Qb7 Qd7 25. Qf3 a5 26. h4 Kg7 27. Qe4 Qd5 28. Qg4 Qf7 29. f4 h5 30. Qf3 gxf4 31. Bf2 c4 32. d4 exd4 33. Bxd4 Rac8 34. Qxf4 a4 35. Re6 Re8 36. Bxf6+ Nxf6 37. Qg5+ Kh8 38. Rxf6 Qa7+ 39. Kh1 Re7 40. Qh6+ Kg8 41. Rg6+ Rg7 42. Rxg7+ Qxg7 43. Qe6+ 1-0

[Event "Wch U20 43rd"]
[White "Soumitra, Majumdar"]
[Black "Sengupta, Deep"]
[Site "Cochin"]
[Round "1"]
[Result "0-1"]
[Date "2004.11.20"]
[WhiteElo "2148"]
[BlackElo "2359"]
[PlyCount "58"]
[EventDate "2004.11.20"]
[EventType "swiss"]
[EventRounds "13"]
[EventCountry "IND"]
[SourceTitle "CBM 103 Extra"]
[Source "ChessBase"]
[SourceDate "2005.01.01"]
[SourceVersion "1"]
[SourceVersionDate "2005.01.01"]
[SourceQuality "1"]

1. d4 e6 2. c4 b6 3. Nc3 Bb7 4. e4 Bb4 5. Bd3 f5 6. d5 fxe4 7. Bxe4 Nf6 8. Bf3 e5 9. Nh3 0-0 10. 0-0 h6 11. Ne4 a5 12. Nxf6+ Qxf6 13. Be4 Bc5 14. Qh5 c6 15. Ng5 cxd5 16. cxd5 Ba6 17. Nh7 Qf7 18. Bg6 Qxd5 19. Nxf8 Bxf1 20. Kxf1 Kxf8 21. Qg4 Nc6 22. Be4 Qf7 23. Qg3 d5 24. Bg6 Qf6 25. Bd2 Kg8 26. Kg1 Rf8 27. Rf1 e4 28. Bxh6 Ne7 29. Bxe4 dxe4 0-1

[Event "Commonwealth-ch"]
[White "Soumitra, Majumdar"]
[Black "Lahiri, Atanu"]
[Site "Mumbai"]
[Round "3"]
[Result "0-1"]
[Date "2003.04.21"]
[WhiteElo "2142"]
[BlackElo "2337"]
[PlyCount "66"]
[EventDate "2003.04.20"]
[EventType "swiss"]
[EventRounds "10"]
[EventCountry "IND"]
[SourceTitle "CBM 093 Extra"]
[Source "ChessBase"]
[SourceDate "2003.05.09"]
[SourceVersion "1"]
[SourceVersionDate "2003.05.09"]
[SourceQuality "1"]

1. d4 Nf6 2. c4 g6 3. Nc3 Bg7 4. e4 d6 5. Nf3 0-0 6. Be2 e5 7. 0-0 Na6 8. Be3 Ng4 9. Bg5 Qe8 10. h3 h6 11. hxg4 exd4 12. Bxh6 dxc3 13. Bxg7 Kxg7 14. Qd4+ f6 15. Qxc3 Qxe4 16. g5 Nc5 17. Rae1 Qf5 18. gxf6+ Qxf6 19. Qxf6+ Kxf6 20. b4 Ne6 21. Bd3 a5 22. a3 Nf4 23. Bc2 axb4 24. axb4 Ra2 25. Bb1 Rb2 26. g3 Nh3+ 27. Kg2 Rxb4 28. Nh4 Ng5 29. Rh1 Bd7 30. Nxg6 Bc6+ 31. Kf1 Rxb1 32. Rxb1 Kxg6 33. Rh4 Nf3 0-1